Μία εγκυκλοπαιδική εισαγωγή στους υπολογιστές και μικρουπολογιστές
Αποθηκεύτηκε σε:
| Κύριος συγγραφέας: | |
|---|---|
| Μορφή: | Βιβλίο |
| Γλώσσα: | Greek |
| Δημοσίευση: |
Αθήνα :
Νέα έκδοση,
1985
|
| Θέματα: | |
| Ετικέτες: |
Προσθήκη ετικέτας
Δεν υπάρχουν, Καταχωρήστε ετικέτα πρώτοι!
|
MARC
| LEADER | 00000nam a2200000 i 4500 | ||
|---|---|---|---|
| 001 | 1/36332 | ||
| 008 | 950329s1985 gre d | ||
| 035 | |l 10024463 | ||
| 040 | |a GR-MY-UA |b gre |e aacr | ||
| 041 | 0 | |a gre | |
| 082 | 0 | |a 004 | |
| 100 | 1 | |a Θεοδώρου, Γιώργος Β. | |
| 245 | 1 | 0 | |a Μία εγκυκλοπαιδική εισαγωγή στους υπολογιστές και μικρουπολογιστές |
| 260 | |a Αθήνα : |b Νέα έκδοση, |c 1985 | ||
| 300 | |a 238 σ. | ||
| 650 | 0 | 0 | |a Computers. |
| 650 | 0 | 0 | |a Microcomputers. |
| 852 | |a INST |b CHIOS |e 19950329 |h 004 ΘΕΟ |p 005200006745 |q 005200006745 |t BK |y 0 | ||
| 852 | |a INST |b CHIOS |e 19950329 |h 004 ΘΕΟ |p 005200006746 |q 005200006746 |t BK |y 0 | ||
| 852 | |a INST |b CHIOS |e 19950329 |h 004 ΘΕΟ |p 005200006747 |q 005200006747 |t BK |y 0 | ||
| 852 | |a INST |b CHIOS |e 19950329 |h 004 ΘΕΟ |p 005200006748 |q 005200006748 |t BK |y 0 | ||
| 909 | |a Χ |b 002299 | ||
| 909 | |a Χ |b 002302 | ||
| 909 | |a Χ |b 002301 | ||
| 909 | |a Χ |b 002300 | ||